[Event "Wch U18 Girls"]
[Site "Belfort"]
[Date "2005.07.21"]
[Round "3"]
[White "Hanova, Gulnar"]
[Black "Sarquis, Maria Belen"]
[Result "0-1"]
[WhiteElo "1988"]
[BlackElo "2149"]
[PlyCount "42"]
[EventDate "2005.07.19"]
[EventType "swiss"]
[EventRounds "11"]
[EventCountry "FRA"]
[SourceTitle "CBM 107 Extra"]
[Source "ChessBase"]
[SourceDate "2005.09.01"]
[SourceVersion "1"]
[SourceVersionDate "2005.09.01"]
[SourceQuality "1"]

1. d4 Nf6 2. e3 g6 3. Bd3 Bg7 4. Nd2 d6 5. Ngf3 Nbd7 6. c4 e5 7. d5 Nc5 8. Bc2 e4 9. Nd4 Bg4 10. f3 exf3 11. N2xf3 a5 12. 0-0 0-0 13. Qe1 Nfe4 14. Rb1 Qe7 15. Nd2 Bh6 16. a3 a4 17. Kh1 Bd7 18. Qe2 Rae8 19. Nxe4 Nxe4 20. Qf3 Qh4 21. b4 Bg4 0-1

[Event "Wch U18 Girls"]
[Site "Belfort"]
[Date "2005.07.19"]
[Round "1"]
[White "Hanova, Gulnar"]
[Black "Pourkashiyan, Atousa"]
[Result "0-1"]
[WhiteElo "1988"]
[BlackElo "2261"]
[PlyCount "82"]
[EventDate "2005.07.19"]
[EventType "swiss"]
[EventRounds "11"]
[EventCountry "FRA"]
[SourceTitle "CBM 107 Extra"]
[Source "ChessBase"]
[SourceDate "2005.09.01"]
[SourceVersion "1"]
[SourceVersionDate "2005.09.01"]
[SourceQuality "1"]

1. d4 d5 2. e3 Nf6 3. Bd3 e6 4. Nf3 c5 5. b3 Nc6 6. a3 Be7 7. Bb2 0-0 8. 0-0 b6 9. Nbd2 Bb7 10. Rc1 Rc8 11. c4 Bd6 12. Bb1 Qe7 13. Qc2 cxd4 14. cxd5 Ne5 15. Qd1 Rxc1 16. Qxc1 Rc8 17. Qd1 Nxf3+ 18. Nxf3 Bxd5 19. Nxd4 Bxa3 20. Nf5 exf5 21. Bxf6 Qe6 22. Bd4 Bxb3 23. Bxf5 Bxd1 24. Bxe6 Rc1 25. Bd5 Kf8 26. e4 Bg4 27. Rxc1 Bxc1 28. Be5 Ba3 29. f4 f6 30. Bb8 a5 31. h3 Bd7 32. e5 Ke7 33. Bc7 Bc5+ 34. Kh2 a4 35. g4 b5 36. Kg2 b4 37. f5 b3 38. e6 Bc6 39. Bxc6 a3 40. Ba5 b2 41. Be4 a2 0-1